A nemzetközi gazdasági kapcsolatok jogi kérdései
Elmentve itt :
| Szerző: | |
|---|---|
| További közreműködők: | |
| Dokumentumtípus: | Szakdolgozat |
| Megjelent: |
1974
|
| Tárgyszavak: | |
| Online Access: | http://diploma.bibl.u-szeged.hu/18720 |
| LEADER | 00566nta a2200157 i 4500 | ||
|---|---|---|---|
| 001 | dipl18720 | ||
| 005 | 20130314074940.0 | ||
| 008 | 111202s1974 hu om 0|| zxx d | ||
| 040 | |a SZTE Diploma Repozitórium |b hun | ||
| 041 | |a zxx | ||
| 100 | 1 | |a Dékány László | |
| 245 | 1 | 2 | |a A nemzetközi gazdasági kapcsolatok jogi kérdései |h [elektronikus dokumentum] / |c László Dékány |
| 260 | |c 1974 | ||
| 650 | 4 | |a Jogi és igazgatási tanulmányok | |
| 700 | 1 | |a nincs megadva |e ths | |
| 856 | 4 | 0 | |u http://diploma.bibl.u-szeged.hu/id/eprint/18720/1/1974_dekany_laszlo.pdf |z Dokumentum-elérés |